[Event "Fagernes op"]
[Site "Fagernes"]
[Date "2024.03.26"]
[Round "3"]
[White "Prraneeth, Vuppala"]
[Black "Mihajlov, Svetoslav"]
[Result "1-0"]
[WhiteElo "2506"]
[BlackElo "2094"]
[PlyCount "61"]
[EventDate "2024.03.24"]
[EventType "swiss"]
[EventRounds "9"]
[EventCountry "NOR"]
[SourceTitle "CB14_2024"]
[SourceDate "2024.04.01"]
[SourceVersion "1"]
[SourceVersionDate "2024.04.01"]
[SourceQuality "1"]

1. c4 c5 2. Nc3 Nc6 3. g3 g6 4. Bg2 Bg7 5. d3 d6 6. e3 e5 7. Nge2 Nge7 8. b3 0-0 9. Bb2 a6 10. 0-0 Rb8 11. Rc1 b5 12. Qd2 Be6 13. Nd5 Bd7 14. Rfd1 Nf5 15. cxb5 axb5 16. b4 Nxb4 17. Nxb4 cxb4 18. Qxb4 Be6 19. Nc3 Ne7 20. d4 exd4 21. exd4 Bc4 22. d5 Nc8 23. a4 Na7 24. a5 Nc8 25. Ne4 f5 26. Bxg7 Kxg7 27. Nd2 Ra8 28. Nf3 Qxa5 29. Qb2+ Kg8 30. Ra1 Ba2 31. Rd2 1-0

[Event "Seville op 49th"]
[Site "Seville"]
[Date "2024.01.14"]
[Round "3"]
[White "Pap, Misa"]
[Black "Mihajlov, Svetoslav"]
[Result "1/2-1/2"]
[WhiteElo "2422"]
[BlackElo "2133"]
[PlyCount "84"]
[EventDate "2024.01.12"]
[EventType "swiss"]
[EventRounds "9"]
[EventCountry "ESP"]
[SourceTitle "CB04_2024"]
[SourceDate "2023.10.16"]
[SourceVersion "1"]
[SourceVersionDate "2023.10.16"]
[SourceQuality "1"]

1. e4 e5 2. Nf3 Nc6 3. Bb5 Nf6 4. d3 Bc5 5. Bxc6 dxc6 6. Be3 Qe7 7. Nc3 Bg4 8. h3 Bxf3 9. Qxf3 Nd7 10. a3 a5 11. Ne2 h5 12. 0-0 g6 13. b4 Bxe3 14. Qxe3 0-0 15. c3 Rfe8 16. f4 exf4 17. Qxf4 f5 18. Qg3 Nf8 19. Rxf5 axb4 20. cxb4 Qg7 21. Rff1 Ne6 22. e5 Rf8 23. d4 Kh7 24. Kh2 Qh6 25. Rad1 Ng7 26. Rf3 Rxf3 27. Qxf3 Nf5 28. Qf4 Rxa3 29. d5 cxd5 30. Rxd5 Re3 31. Rd7+ Ng7 32. Qxh6+ Kxh6 33. Nf4 Rxe5 34. Rxc7 Rb5 35. Nd3 h4 36. g4 Ne6 37. Re7 Ng5 38. Kg2 Rd5 39. Nf2 Rb5 40. Nd3 Rd5 41. Nf2 Rb5 42. Nd3 Rd5 1/2-1/2

[Event "NOR-chB"]
[Site "Oslo"]
[Date "2023.07.08"]
[Round "9"]
[White "Mihajlov, Svetoslav"]
[Black "Nordquelle, Daniel"]
[Result "1/2-1/2"]
[WhiteElo "2126"]
[BlackElo "2137"]
[PlyCount "119"]
[EventDate "2023.06.30"]
[EventType "swiss"]
[EventRounds "9"]
[EventCountry "NOR"]
[SourceTitle "EXT 2024"]
[Source "ChessBase"]
[SourceDate "2023.10.10"]
[SourceVersion "1"]
[SourceVersionDate "2023.10.10"]
[SourceQuality "1"]

1. d4 d5 2. Nf3 Nf6 3. c4 e6 4. Nc3 Nbd7 5. cxd5 exd5 6. Bf4 c6 7. h3 Be7 8. e3 0-0 9. Bd3 Re8 10. 0-0 Nf8 11. a3 Ng6 12. Bh2 Bd6 13. Bxd6 Qxd6 14. Qc2 a5 15. Na4 Nd7 16. Rfc1 Qf6 17. Bf5 Ngf8 18. Nd2 b5 19. Nc5 Nb6 20. Bxc8 Rexc8 21. a4 Ne6 22. b3 b4 23. Nf3 Nxc5 24. Qxc5 Nd7 25. Qc2 h6 26. Qd1 Qd8 27. Ra2 Ra7 28. Rac2 Rac7 29. Ne1 c5 30. dxc5 Nxc5 31. Nf3 Ne4 32. Nd4 Nc3 33. Qd3 Qd6 34. Nb5 Nxb5 35. axb5 Rxc2 36. Rxc2 Rc5 37. Rc4 Qc7 38. Rxc5 Qxc5 39. Kf1 Kf8 40. Ke2 Ke7 41. b6 Qxb6 42. Qxd5 Qa6+ 43. Qd3 Qc6 44. Qf5 g6 45. Qe5+ Qe6 46. Qc7+ Kf6 47. Qc2 Qd5 48. f3 Kg5 49. g3 Qe6 50. Qc5+ Kf6 51. Qd4+ Ke7 52. Qc5+ Ke8 53. Qxa5 Qxb3 54. Qe5+ Kd7 55. Qb5+ Kd6 56. Qb6+ Ke7 57. Qc5+ Kf6 58. Qd4+ Ke6 59. Qb6+ Ke7 60. Qc5+ 1/2-1/2

[Event "EU-Cup 36th"]
[Site "Struga"]
[Date "2021.09.20"]
[Round "3.3"]
[White "Antipov, Mikhail Al"]
[Black "Mihajlov, Svetoslav"]
[Result "1-0"]
[WhiteElo "2607"]
[BlackElo "2167"]
[PlyCount "57"]
[EventDate "2021.09.18"]
[EventType "team-swiss"]
[EventRounds "7"]
[EventCountry "MKD"]
[SourceTitle "CBM 204 Extra"]
[Source "ChessBase"]
[SourceDate "2021.11.30"]
[SourceVersion "1"]
[SourceVersionDate "2021.11.30"]
[SourceQuality "1"]
[WhiteTeam "Selfoss Skakfelag"]
[BlackTeam "Baerum"]
[WhiteTeamCountry "ISL"]
[BlackTeamCountry "NOR"]

1. e4 e5 2. Nf3 Nc6 3. Bc4 Bc5 4. d3 Nf6 5. 0-0 d6 6. c3 0-0 7. Re1 a6 8. a4 Ba7 9. h3 h6 10. Nbd2 Ne7 11. Bb3 Ng6 12. d4 c6 13. a5 Re8 14. Bc2 Qc7 15. Nf1 Be6 16. Be3 Rad8 17. Qb1 Qb8 18. Ng3 Qa8 19. Qc1 Kh7 20. Ra4 Bb8 21. Nf5 Bxf5 22. exf5 Ne7 23. dxe5 dxe5 24. Rh4 e4 25. Bxh6 Nxf5 26. Bxg7+ Kxg7 27. Qg5+ Kf8 28. Rh8+ Ke7 29. Rxe4+ 1-0

[Event "EU-Cup 36th"]
[Site "Struga"]
[Date "2021.09.18"]
[Round "1.14"]
[White "Mihajlov, Svetoslav"]
[Black "Roeder, Mathias"]
[Result "1/2-1/2"]
[WhiteElo "2167"]
[BlackElo "2372"]
[PlyCount "68"]
[EventDate "2021.09.18"]
[EventType "team-swiss"]
[EventRounds "7"]
[EventCountry "MKD"]
[SourceTitle "CBM 204 Extra"]
[Source "ChessBase"]
[SourceDate "2021.11.30"]
[SourceVersion "1"]
[SourceVersionDate "2021.11.30"]
[SourceQuality "1"]
[WhiteTeam "Baerum"]
[BlackTeam "Wirtzfeld"]
[WhiteTeamCountry "NOR"]
[BlackTeamCountry "BEL"]

1. c4 c6 2. d4 d5 3. Nf3 Nf6 4. Nc3 e6 5. e3 a6 6. c5 b6 7. cxb6 Nbd7 8. Bd2 Qxb6 9. Na4 Qa7 10. Ba5 Bd6 11. Rc1 Bb7 12. Be2 0-0 13. b4 Rac8 14. 0-0 Bc7 15. Bxc7 Rxc7 16. Ne5 a5 17. Nxd7 Nxd7 18. a3 Ba6 19. Bxa6 Qxa6 20. Nc5 Nxc5 21. Rxc5 axb4 22. axb4 Rb8 23. Qa1 Qxa1 24. Rxa1 Kf8 25. Ra6 Rxb4 26. g3 g5 27. Raxc6 Rxc6 28. Rxc6 Rb2 29. g4 Kg7 30. Kg2 Kg6 31. Rc7 h6 32. Rc6 h5 33. h3 h4 34. Ra6 Rc2 1/2-1/2

[Event "Gibraltar Masters 18th"]
[Site "Caleta"]
[Date "2020.01.26"]
[Round "6"]
[White "Sukandar, Irine Kharisma"]
[Black "Mihajlov, Svetoslav"]
[Result "1-0"]
[WhiteElo "2402"]
[BlackElo "2173"]
[PlyCount "75"]
[EventDate "2020.01.21"]
[EventType "swiss"]
[EventRounds "10"]
[EventCountry "GGB"]
[SourceTitle "CBM 194 Extra"]
[Source "ChessBase"]
[SourceDate "2020.03.31"]
[SourceVersion "1"]
[SourceVersionDate "2020.03.31"]
[SourceQuality "1"]

1. e4 e5 2. Nf3 Nc6 3. d4 exd4 4. Nxd4 Nf6 5. Nxc6 bxc6 6. e5 Qe7 7. Qe2 Nd5 8. h4 a5 9. c4 Ba6 10. g3 Qb4+ 11. Nd2 Nb6 12. Qe4 Na4 13. Qc2 Nc5 14. Bg2 Be7 15. 0-0 0-0 16. b3 Rab8 17. Rd1 a4 18. Bb2 Ne6 19. Bc3 Qb6 20. Ne4 Rfd8 21. Rab1 axb3 22. axb3 c5 23. Qd2 Qa7 24. Ra1 Rxb3 25. Qa2 Rb6 26. Ba5 Rbb8 27. Nc3 Bf8 28. Nd5 Ra8 29. Nxc7 Nxc7 30. Bxa8 Rxa8 31. Rxd7 Bc8 32. Rxc7 Qa6 33. Qb3 Qe6 34. Qf3 Ra6 35. Qd5 Qf5 36. Qd8 Be6 37. Rd1 h6 38. Qxf8+ 1-0

[Event "Gibraltar Masters 18th"]
[Site "Caleta"]
[Date "2020.01.24"]
[Round "4"]
[White "Wemmers, Xander"]
[Black "Mihajlov, Svetoslav"]
[Result "1-0"]
[WhiteElo "2380"]
[BlackElo "2173"]
[PlyCount "35"]
[EventDate "2020.01.21"]
[EventType "swiss"]
[EventRounds "10"]
[EventCountry "GGB"]
[SourceTitle "CBM 194 Extra"]
[Source "ChessBase"]
[SourceDate "2020.03.31"]
[SourceVersion "1"]
[SourceVersionDate "2020.03.31"]
[SourceQuality "1"]

1. d4 Nf6 2. c4 e6 3. Nc3 Bb4 4. f3 0-0 5. a3 Bxc3+ 6. bxc3 b6 7. e4 Ne8 8. Bd3 Ba6 9. Nh3 Nc6 10. Qe2 Qh4+ 11. Nf2 Qe7 12. a4 Na5 13. e5 d5 14. Ba3 Qd7 15. cxd5 Bxd3 16. Qxd3 exd5 17. Bxf8 Kxf8 18. Qxh7 1-0

[Event "NOR-ch rapid"]
[Site "Drammen"]
[Date "2018.01.06"]
[Round "2"]
[White "Mihajlov, Svetoslav"]
[Black "Urkedal, Frode Olav Olsen"]
[Result "0-1"]
[WhiteElo "2178"]
[BlackElo "2572"]
[PlyCount "68"]
[EventDate "2018.01.06"]
[EventType "swiss (rapid)"]
[EventRounds "10"]
[EventCountry "NOR"]
[SourceTitle "CBM 182 Extra"]
[Source "ChessBase"]
[SourceDate "2018.02.23"]
[SourceVersion "1"]
[SourceVersionDate "2018.02.23"]
[SourceQuality "1"]

1. d4 Nf6 2. c4 e6 3. Nc3 Bb4 4. e3 b6 5. Nf3 Bb7 6. Bd3 0-0 7. 0-0 d5 8. a3 Bxc3 9. bxc3 dxc4 10. Bxc4 c5 11. Bb2 Qc7 12. Be2 Nbd7 13. c4 cxd4 14. exd4 Rfd8 15. h3 Nh5 16. Ng5 Nf4 17. Bf3 Rac8 18. Qc2 Nf8 19. Rac1 h6 20. Ne4 N8g6 21. g3 Nxh3+ 22. Kg2 Ng5 23. Nxg5 hxg5 24. Qe2 Ba6 25. Qe3 Bxc4 26. Rh1 Qe7 27. Rh5 Bd5 28. Bxd5 Rxc1 29. Be4 Rc7 30. Rxg5 Qf6 31. Bxg6 fxg6 32. Re5 Rc2 33. Ba1 Rf8 34. Rxe6 Rxf2+ 0-1

[Event "NOR-chB"]
[Site "Stavanger"]
[Date "2017.07.05"]
[Round "6"]
[White "Thanke, Bror"]
[Black "Mihajlov, Svetoslav"]
[Result "1/2-1/2"]
[WhiteElo "2157"]
[BlackElo "2176"]
[PlyCount "71"]
[EventDate "2017.07.01"]
[EventType "swiss"]
[EventRounds "9"]
[EventCountry "NOR"]
[SourceTitle "CBM 179 Extra"]
[Source "ChessBase"]
[SourceDate "2017.08.23"]
[SourceVersion "1"]
[SourceVersionDate "2017.08.23"]
[SourceQuality "1"]

1. Nf3 Nf6 2. b3 g6 3. Bb2 Bg7 4. c4 d6 5. d4 0-0 6. e3 a6 7. Be2 c5 8. 0-0 cxd4 9. exd4 d5 10. Nc3 Nc6 11. Ne5 dxc4 12. Nxc6 bxc6 13. Bxc4 Nd5 14. Ne4 Nb6 15. Be2 a5 16. Bf3 a4 17. Qc1 axb3 18. axb3 Rxa1 19. Qxa1 Be6 20. Nc5 Bd5 21. Bxd5 Qxd5 22. Qa7 Nc8 23. Qa4 e5 24. Nd3 exd4 25. Nb4 Qd7 26. Nxc6 d3 27. Bxg7 Kxg7 28. Qd4+ Qxd4 29. Nxd4 Rd8 30. Nf3 Nd6 31. Rd1 Ne4 32. Ne5 d2 33. Nc4 Rd3 34. Kf1 Rxb3 35. Nxd2 Nxd2+ 36. Rxd2 1/2-1/2

[Event "NOR-ch Mester"]
[Site "Stavanger"]
[Date "2017.07.03"]
[Round "3"]
[White "Mihajlov, Svetoslav"]
[Black "Jacobsen, Fredrik Beer"]
[Result "1-0"]
[WhiteElo "2176"]
[BlackElo "2081"]
[PlyCount "95"]
[EventDate "2017.07.01"]
[EventType "swiss"]
[EventRounds "9"]
[EventCountry "NOR"]
[SourceTitle "EXT 2018"]
[Source "ChessBase"]
[SourceDate "2017.10.13"]
[SourceVersion "1"]
[SourceVersionDate "2017.10.13"]
[SourceQuality "1"]

1. e4 c5 2. Nf3 d6 3. d4 cxd4 4. Nxd4 Nf6 5. Nc3 Nc6 6. Bc4 Qb6 7. Nb3 a6 8. Be3 Qc7 9. Be2 e6 10. a4 b6 11. 0-0 Be7 12. f4 Bb7 13. Bf3 Nb4 14. Nd4 0-0 15. g4 d5 16. e5 Nd7 17. g5 Nc6 18. Nce2 Nxd4 19. Nxd4 Bc5 20. c3 a5 21. Qd2 Ba6 22. Rfc1 Bxd4 23. cxd4 Qb7 24. f5 Rfc8 25. Bg4 Nf8 26. f6 Rxc1+ 27. Rxc1 Rc8 28. fxg7 Rxc1+ 29. Qxc1 Ng6 30. Qc3 Qc8 31. Qxc8+ Bxc8 32. Be2 Bd7 33. b3 Ne7 34. Kg2 Nf5 35. Bf2 Kxg7 36. Kf3 h6 37. Kf4 Ne7 38. Be1 Nc6 39. gxh6+ Kxh6 40. Ke3 Ne7 41. Kf4 Nc6 42. Bb5 Kh5 43. h3 Nb8 44. Be2+ Kh6 45. Bh4 Nc6 46. Bb5 Kh5 47. Bf6 Nb8 48. Be2+ 1-0

[Event "NOR-chT 1617"]
[Site "Norway"]
[Date "2017.01.14"]
[Round "5.5"]
[White "Risting, Eivind Olav"]
[Black "Mihajlov, Svetoslav"]
[Result "0-1"]
[WhiteElo "2214"]
[BlackElo "2177"]
[PlyCount "114"]
[EventDate "2016.10.28"]
[EventType "team-tourn"]
[EventRounds "9"]
[EventCountry "NOR"]
[SourceTitle "EXT 2018"]
[Source "ChessBase"]
[SourceDate "2017.10.13"]
[SourceVersion "1"]
[SourceVersionDate "2017.10.13"]
[SourceQuality "1"]
[WhiteTeam "Oslo SK 1911"]
[BlackTeam "Asker"]
[WhiteTeamCountry "NOR"]
[BlackTeamCountry "NOR"]

1. Nf3 d5 2. g3 Nf6 3. Bg2 g6 4. c4 d4 5. b4 Bg7 6. 0-0 0-0 7. Bb2 c5 8. bxc5 Nc6 9. d3 Nd7 10. Nbd2 Nxc5 11. Ba3 Qa5 12. Bxc5 Qxc5 13. Rb1 Qa5 14. Qc2 Qc7 15. Rb2 Rb8 16. Rfb1 h6 17. c5 Be6 18. Nc4 Rfc8 19. Nfd2 Nd8 20. Qa4 Qxc5 21. Rb5 Qc7 22. Qxa7 Ra8 23. Qb6 Rxa2 24. Qxc7 Rxc7 25. Bf3 h5 26. Ra5 Rxa5 27. Nxa5 Rc2 28. Ndc4 Bh3 29. Nb6 e6 30. Nbc4 b5 31. Nd6 b4 32. Ne4 Bh6 33. Nb3 e5 34. g4 hxg4 35. Nf6+ Kg7 36. Nxg4 Bf4 37. e3 Bxg4 38. Bxg4 dxe3 39. fxe3 Bxe3+ 40. Kh1 Bf4 41. Na5 Rxh2+ 42. Kg1 Ra2 43. Nc4 Nc6 44. Bd7 Nd4 45. Rxb4 Nf3+ 46. Kf1 Nd4 47. Rb7 Bg3 48. Rb2 Rxb2 49. Nxb2 f5 50. Nc4 Bf4 51. Kf2 Kf6 52. Ba4 g5 53. Bd7 g4 54. Nb2 Kg5 55. Nd1 Bd2 56. Kg2 f4 57. Nf2 f3+ 0-1

[Event "NOR-chT 1617"]
[Site "Norway"]
[Date "2017.01.13"]
[Round "4.3"]
[White "Sandal, Eirik"]
[Black "Mihajlov, Svetoslav"]
[Result "1-0"]
[WhiteElo "2080"]
[BlackElo "2177"]
[PlyCount "73"]
[EventDate "2016.10.28"]
[EventType "team-tourn"]
[EventRounds "9"]
[EventCountry "NOR"]
[SourceTitle "EXT 2018"]
[Source "ChessBase"]
[SourceDate "2017.10.13"]
[SourceVersion "1"]
[SourceVersionDate "2017.10.13"]
[SourceQuality "1"]
[WhiteTeam "SK 96"]
[BlackTeam "Asker"]
[WhiteTeamCountry "NOR"]
[BlackTeamCountry "NOR"]

1. e4 c5 2. Nc3 d6 3. g3 Nc6 4. Bg2 g6 5. d3 Bg7 6. Be3 e5 7. Qd2 Be6 8. f4 exf4 9. Bxf4 h6 10. Nge2 Nge7 11. 0-0 g5 12. Be3 Ne5 13. h3 Qd7 14. Kh2 0-0-0 15. b4 b6 16. Rab1 g4 17. h4 Nf3+ 18. Bxf3 gxf3 19. Rxf3 Nc6 20. d4 cxb4 21. Nd5 f5 22. Nxb4 fxe4 23. Rff1 Nxb4 24. Rxb4 d5 25. a4 Bf8 26. Rb5 Bd6 27. Bf4 Rdg8 28. Rfb1 Rg4 29. a5 Bxf4 30. Nxf4 Rhg8 31. R5b3 Kb7 32. axb6 a6 33. Rc3 Rc8 34. Rc7+ Rxc7 35. bxc7+ Ka7 36. Qc3 Rg8 37. Qc5+ 1-0

[Event "NOR-ch rapid"]
[Site "Sandefjord"]
[Date "2017.01.07"]
[Round "4"]
[White "Mihajlov, Svetoslav"]
[Black "Christiansen, Johan Sebastian"]
[Result "0-1"]
[WhiteElo "2188"]
[BlackElo "2428"]
[PlyCount "102"]
[EventDate "2017.01.07"]
[EventType "swiss (rapid)"]
[EventRounds "10"]
[EventCountry "NOR"]
[SourceTitle "CBM 176 Extra"]
[Source "ChessBase"]
[SourceDate "2017.03.02"]
[SourceVersion "1"]
[SourceVersionDate "2017.03.02"]
[SourceQuality "1"]

1. d4 Nf6 2. Bg5 d5 3. Bxf6 gxf6 4. Nd2 c5 5. e3 Nc6 6. c3 e6 7. Bd3 Qb6 8. Qb3 c4 9. Qxb6 axb6 10. Bc2 b5 11. e4 b4 12. exd5 exd5 13. Ne2 Be6 14. 0-0 Bd6 15. Ng3 bxc3 16. bxc3 Ra3 17. Nb1 Ra5 18. Nd2 Kd7 19. a4 Rha8 20. Rab1 Kc7 21. Nh5 Be7 22. f4 f5 23. Nf3 Rb8 24. Ng3 Bd6 25. Ne5 Ne7 26. Rfe1 b5 27. axb5 Raxb5 28. Rxb5 Rxb5 29. Nh5 Rb2 30. Re2 Bxe5 31. fxe5 Ng6 32. Kf2 Ra2 33. g3 Ra3 34. Re3 f4 35. Nxf4 Nxf4 36. gxf4 Ra2 37. Re2 Bg4 38. Rd2 Bf5 39. Bxf5 Rxd2+ 40. Kg3 h6 41. Bh7 Kd7 42. h4 h5 43. Kf3 Rd1 44. f5 Rf1+ 45. Kg3 Rg1+ 46. Kf3 Rg4 47. f6 Ke6 48. Bc2 Rxh4 49. Ba4 Rh3+ 50. Kf4 Rxc3 51. Bc6 Rd3 0-1

[Event "Barcelona Sants op-A18th"]
[Site "Barcelona"]
[Date "2016.08.26"]
[Round "8"]
[White "Mihajlov, Svetoslav"]
[Black "Webersberger, Johann"]
[Result "0-1"]
[WhiteElo "2154"]
[BlackElo "2356"]
[PlyCount "102"]
[EventDate "2016.08.19"]
[EventType "swiss"]
[EventRounds "10"]
[EventCountry "ESP"]
[SourceTitle "CBM 174 Extra"]
[Source "ChessBase"]
[SourceDate "2016.10.10"]
[SourceVersion "1"]
[SourceVersionDate "2016.10.10"]
[SourceQuality "1"]

1. d4 g6 2. e4 Bg7 3. Nf3 d6 4. c3 Nf6 5. Bd3 0-0 6. 0-0 Nc6 7. d5 Nb8 8. h3 e5 9. dxe6 Bxe6 10. Nd4 Bd7 11. Bg5 Re8 12. Nd2 a6 13. f4 c5 14. N4f3 Bc6 15. a4 Nbd7 16. a5 Qc7 17. Re1 Nh5 18. f5 Nhf6 19. Bf4 Rad8 20. Qc2 Nh5 21. Bh2 Ne5 22. Be2 Qe7 23. g4 Nxf3+ 24. Nxf3 Nf6 25. g5 Qxe4 26. Qxe4 Nxe4 27. f6 Bf8 28. h4 Re6 29. Bf1 Rde8 30. Rec1 Ng3 31. Bxg3 Bxf3 32. Kf2 Bc6 33. Rd1 d5 34. Rd2 c4 35. Kg1 Bc5+ 36. Kh2 h6 37. Rad1 hxg5 38. hxg5 Be3 39. Rxd5 Bxd5 40. Rxd5 b5 41. Bh3 Re4 42. Bd7 Rd8 43. Kg2 Bxg5 44. Bc7 Rxd7 45. Rxd7 Bxf6 46. Kf3 Re1 47. Bd6 Rb1 48. Ba3 Ra1 49. Bb4 Ra2 50. Rd6 Be7 51. Rxa6 Bxb4 0-1

[Event "NOR-chB"]
[Site "Tromsoe"]
[Date "2016.07.15"]
[Round "8"]
[White "Mihajlov, Svetoslav"]
[Black "Gandrud, Vegar Koi"]
[Result "0-1"]
[WhiteElo "2147"]
[BlackElo "2286"]
[PlyCount "68"]
[EventDate "2016.07.09"]
[EventType "swiss"]
[EventRounds "9"]
[EventCountry "NOR"]
[SourceTitle "EXT 2024"]
[Source "ChessBase"]
[SourceDate "2023.10.10"]
[SourceVersion "1"]
[SourceVersionDate "2023.10.10"]
[SourceQuality "1"]

1. d4 Nf6 2. c4 g6 3. g3 c6 4. Bg2 d5 5. Nf3 Bg7 6. 0-0 0-0 7. Nc3 dxc4 8. h3 Na6 9. e4 Nb4 10. Be3 b5 11. a4 Bb7 12. Ne5 Nd7 13. Nxd7 Qxd7 14. e5 a6 15. Ne4 Nd3 16. b3 c5 17. bxc4 bxc4 18. Nxc5 Nxc5 19. dxc5 Qc7 20. Bxb7 Qxb7 21. Rb1 Qe4 22. Qd4 Qxd4 23. Bxd4 Rfd8 24. Rfd1 Rd5 25. f4 Rad8 26. c6 Rc8 27. Rb6 f6 28. Rxa6 fxe5 29. fxe5 Bxe5 30. Bxe5 Rxd1+ 31. Kf2 Rd5 32. Bf4 c3 33. Rb6 c2 34. Rb5 Rd6 0-1

[Event "NOR-chB"]
[Site "Tromsoe"]
[Date "2016.07.14"]
[Round "7"]
[White "Hanssen, Gunnar Berg"]
[Black "Mihajlov, Svetoslav"]
[Result "1-0"]
[WhiteElo "2169"]
[BlackElo "2147"]
[PlyCount "101"]
[EventDate "2016.07.09"]
[EventType "swiss"]
[EventRounds "9"]
[EventCountry "NOR"]
[SourceTitle "EXT 2024"]
[Source "ChessBase"]
[SourceDate "2023.10.10"]
[SourceVersion "1"]
[SourceVersionDate "2023.10.10"]
[SourceQuality "1"]

1. c4 e5 2. Nc3 Nc6 3. g3 g6 4. Bg2 Bg7 5. e4 d6 6. d3 Nge7 7. Nge2 Be6 8. Nd5 h6 9. Be3 0-0 10. 0-0 Kh7 11. d4 f5 12. Nxe7 Nxe7 13. d5 Bd7 14. f3 Ng8 15. exf5 gxf5 16. Nc3 Nf6 17. Kh1 Qe8 18. Bg1 a6 19. c5 Qf7 20. Rc1 dxc5 21. Bxc5 Rfe8 22. Re1 b6 23. Bf2 Bf8 24. Qd3 Kh8 25. Be3 h5 26. Bg5 Nh7 27. Bh4 Bd6 28. f4 e4 29. Qe2 Rg8 30. Nd1 Rg4 31. Ne3 Bb5 32. Qd1 Rg7 33. Bh3 Bd7 34. Qd4 b5 35. Rc2 Kg8 36. Rec1 Bc8 37. Rc6 Rg6 38. Qd1 Rg4 39. Bxg4 hxg4 40. Qd4 Bb7 41. R6c2 Qd7 42. h3 gxh3 43. g4 Bxf4 44. gxf5 Kf7 45. Qxe4 Bd6 46. Qe6+ Qxe6 47. fxe6+ Kg6 48. Rxc7 Bxc7 49. Rxc7 Rb8 50. Bg3 Nf6 51. Rf7 1-0

[Event "NOR-chB"]
[Site "Tromsoe"]
[Date "2016.07.09"]
[Round "1"]
[White "Mihajlov, Svetoslav"]
[Black "Harestad, Hans Krogh"]
[Result "0-1"]
[WhiteElo "2147"]
[BlackElo "2262"]
[PlyCount "118"]
[EventDate "2016.07.09"]
[EventType "swiss"]
[EventRounds "9"]
[EventCountry "NOR"]
[SourceTitle "EXT 2024"]
[Source "ChessBase"]
[SourceDate "2023.10.10"]
[SourceVersion "1"]
[SourceVersionDate "2023.10.10"]
[SourceQuality "1"]

1. e4 d6 2. d4 Nf6 3. Bd3 e5 4. c3 d5 5. dxe5 Nxe4 6. Nf3 Be7 7. Bxe4 dxe4 8. Qa4+ Nc6 9. Qxe4 Be6 10. 0-0 Qd7 11. Nd4 Bd5 12. Qf5 0-0-0 13. Nxc6 Bxc6 14. Qxd7+ Rxd7 15. Nd2 f6 16. exf6 gxf6 17. Nb3 Rg8 18. f3 Bd6 19. Nd4 Rdg7 20. Rf2 Bd7 21. Re2 h5 22. Bd2 h4 23. Kh1 c5 24. Ne6 Bxe6 25. Rxe6 Bxh2 26. Rxf6 Be5 27. Rf5 Rxg2 28. Rf8+ Kd7 29. Rxg8 Rxg8 30. f4 Bd6 31. Rf1 Ke6 32. f5+ Kf6 33. Bf4 Bxf4 34. Rxf4 Kg5 35. Rf1 Rg7 36. Kh2 Rf7 37. Kh3 Rf6 38. Rg1+ Kxf5 39. Rg4 Ke5 40. Rg5+ Kd6 41. Rg7 Kc6 42. Kxh4 Rf2 43. Rg6+ Kb5 44. Rg7 Ka6 45. Kg3 Rxb2 46. Kf4 Rxa2 47. Ke3 b5 48. Rg6+ Kb7 49. Kd3 Rh2 50. Rg7+ Kb6 51. Rg6+ Ka5 52. Rc6 c4+ 53. Kd4 Rd2+ 54. Kc5 Rd3 55. Rc7 a6 56. Rh7 Rxc3 57. Rh1 Ra3 58. Rc1 Ka4 59. Kb6 Kb4 0-1

[Event "NOR-chB"]
[Site "Oslo"]
[Date "2015.07.11"]
[Round "9"]
[White "Svendsen, Bertil"]
[Black "Mihajlov, Svetoslav"]
[Result "0-1"]
[WhiteElo "2188"]
[BlackElo "2146"]
[PlyCount "102"]
[EventDate "2015.07.04"]
[EventType "swiss"]
[EventRounds "9"]
[EventCountry "NOR"]
[SourceTitle "EXT 2017"]
[Source "ChessBase"]
[SourceDate "2016.10.25"]
[SourceVersion "1"]
[SourceVersionDate "2016.10.25"]
[SourceQuality "1"]

1. c4 Nf6 2. g3 c6 3. Bg2 d5 4. Nf3 dxc4 5. Qc2 Bg4 6. Ne5 Bh5 7. Nxc4 Nbd7 8. d3 e5 9. 0-0 Be7 10. b3 0-0 11. Bb2 Qc7 12. Re1 Rfe8 13. Nbd2 Bg6 14. Rac1 Bf8 15. Qb1 a5 16. a3 h6 17. Qa1 e4 18. dxe4 Nxe4 19. Nxe4 Bxe4 20. Bxe4 Rxe4 21. Bd4 b5 22. Nd2 Re6 23. e3 Qd6 24. a4 Qd5 25. Red1 Rd6 26. Qb1 Re8 27. Bc3 Qh5 28. Ne4 Rxd1+ 29. Rxd1 Rxe4 30. Rxd7 Rh4 31. axb5 cxb5 32. Qd1 Rxh2 33. Qxh5 Rxh5 34. Bxa5 b4 35. Bb6 Rb5 36. Bd4 Ra5 37. Ra7 Ra3 38. Rxa3 bxa3 39. e4 Bb4 40. Kf1 h5 41. f4 f6 42. Ke2 Kf7 43. Kf2 g5 44. Ke2 Ke6 45. Kd1 h4 46. gxh4 gxh4 47. Kc2 Bd2 48. Bf2 h3 49. Bg3 f5 50. e5 Kd5 51. Bh2 Bb4 0-1

[Event "NOR-chB"]
[Site "Oslo"]
[Date "2015.07.04"]
[Round "5"]
[White "Mihajlov, Svetoslav"]
[Black "Rishovd, Svein"]
[Result "1-0"]
[WhiteElo "2146"]
[BlackElo "2023"]
[PlyCount "53"]
[EventDate "2015.07.04"]
[EventType "swiss"]
[EventRounds "9"]
[EventCountry "NOR"]
[SourceTitle "EXT 2017"]
[Source "ChessBase"]
[SourceDate "2016.10.25"]
[SourceVersion "1"]
[SourceVersionDate "2016.10.25"]
[SourceQuality "1"]

1. d4 e6 2. Nf3 c5 3. e4 d5 4. exd5 Qxd5 5. Nc3 Qd8 6. Bg5 Nf6 7. dxc5 Qa5 8. a3 Qxc5 9. Ne4 Qe7 10. Ne5 Bd7 11. Ng4 Nxe4 12. Bxe7 Bxe7 13. Qd4 f5 14. Qxg7 Rf8 15. f3 Ng5 16. h4 Nxf3+ 17. gxf3 fxg4 18. Qxg4 Nc6 19. 0-0-0 0-0-0 20. Bh3 Ne5 21. Qd4 Nxf3 22. Qxa7 Bxh4 23. Qc5+ Bc6 24. Bxe6+ Kb8 25. Rxd8+ Rxd8 26. Rxh4 Nxh4 27. Qe5+ 1-0

[Event "Oslo Sveins op 8th"]
[Site "Oslo"]
[Date "2015.06.22"]
[Round "6"]
[White "Lindbol, Aleksander"]
[Black "Mihajlov, Svetoslav"]
[Result "0-1"]
[WhiteElo "1678"]
[BlackElo "2160"]
[PlyCount "62"]
[EventDate "2015.06.19"]
[EventType "swiss"]
[EventRounds "9"]
[EventCountry "NOR"]
[SourceTitle "CBM 167 Extra"]
[Source "ChessBase"]
[SourceDate "2015.09.14"]
[SourceVersion "1"]
[SourceVersionDate "2015.09.14"]
[SourceQuality "1"]

1. c4 c5 2. Nc3 Nc6 3. g3 g6 4. Bg2 Bg7 5. Nf3 d6 6. d3 Nf6 7. 0-0 0-0 8. Rb1 Nd7 9. Bf4 h6 10. a3 a5 11. Re1 Nb6 12. Qc2 Bg4 13. Nb5 Qd7 14. Bd2 Nc8 15. Bc3 e5 16. b4 axb4 17. axb4 Nd4 18. Bxd4 cxd4 19. Ra1 Ne7 20. Nd2 d5 21. Ra2 e4 22. f3 exf3 23. exf3 Be6 24. Na3 dxc4 25. Ndxc4 Nd5 26. Rb2 b5 27. Na5 Nxb4 28. Rxb4 Rxa5 29. Qb2 Rfa8 30. Nxb5 Bf8 31. Rxd4 Rxb5 0-1